000 01036nam a22002537a 4500
005 20090825120337.0
008 090728t xxu||||| |||| 00| 0 pun d
010 _aPUN-6864
020 _c100.00
035 _aPN-5982
037 _bDBAD / PUB
040 _adpl
_bpn
082 _a851
100 _924414
_aਚਾਵਲਾ, ਕਸ਼ਮੀਰੀ ਲਾਲ
245 _aਹਾਇਕੂ-ਸੰਵੇਦਨਾ /
_cਕਸ਼ਮੀਰੀ ਲਾਲ ਚਾਵਲਾ
246 _aHaiku Sanvedna
_bby Kashmiri Lal chawla
260 _aMuktsar (punjab)
_bAmarjyoti Parkashan
_c2010
270 _a822,Kacha ferozepur Rd.
_bMuktsar (Punjab )
_k098148-14791, 01633-261791
_e152026
_m.
300 4 _a80 ਸਫੇ
_c22 ਸੇਮੀ (ਸਜਿਲੱਦ)
650 _924412
_aਹਾਇਕੂ-ਕਵਿਤਾਵਾਂ
650 _aHaiku Poems
_924431
942 _2ddc
_cPN
_h851
_mਚਾਵਲਾ
999 _c50797
_d50797